000 00274nam a2200085Ia 4500
245 0 _aEvolution vs. creationism : an introduction
100 _a Scott, Eugenie Carol, , 1945- Berkeley, [c.2009] 2nd ed
_979432
942 _cBK
008 210817s9999 xx 000 0 und d
999 _c276970
_d276967